[Event "Greek Team Championship"]
[Site "chess24.com"]
[Date "2017.07.03"]
[Round "1"]
[White "Kouroumbas, Kosmas"]
[Black "Hristodoulou, Panagiotis"]
[Result "0-1"]
[Board "2"]
[WhiteElo "1657"]
[WhiteCountry "GRE"]
[WhiteFideId "4263022"]
[WhiteEloChange "-2"]
[BlackElo "2261"]
[BlackTitle "FM"]
[BlackCountry "GRE"]
[BlackFideId "4214340"]
[BlackEloChange "2"]

1. d4 {[%clk 1:30:39]} d5 {[%clk 1:30:18]} 2. c4 {[%clk 1:31:02]} c6 {[%clk
1:30:43]} 3. Nc3 {[%clk 1:31:23]} Nf6 {[%clk 1:31:09]} 4. e3 {[%clk 1:28:54]} e6
{[%clk 1:31:33]} 5. Nf3 {[%clk 1:29:14]} Nbd7 {[%clk 1:31:57]} 6. Qc2 {[%clk
1:28:40]} Bd6 {[%clk 1:32:20]} 7. Bd3 {[%clk 1:28:27]} O-O {[%clk 1:31:26]} 8.
O-O {[%clk 1:28:51]} dxc4 {[%clk 1:27:12]} 9. Bxc4 {[%clk 1:28:58]} a6 {[%clk
1:27:29]} 10. e4 {[%clk 1:25:31]} e5 {[%clk 1:27:53]} 11. Bg5 {[%clk 1:23:32]}
exd4 {[%clk 1:23:20]} 12. Nxd4 {[%clk 1:23:16]} Bxh2+ {[%clk 1:23:42]} 13. Kh1
{[%clk 1:19:47]} h6 {[%clk 1:03:56]} 14. Nxc6 {[%clk 1:06:35]} bxc6 {[%clk
1:02:36]} 15. Bxf6 {[%clk 1:06:54]} Nxf6 {[%clk 1:02:47]} 16. g3 {[%clk 0:47:04]}
Ng4 {[%clk 1:00:06]} 17. Kg2 {[%clk 0:39:25]} Qg5 {[%clk 0:59:43]} 18. Qe2 {[%clk
0:38:33]} Bxg3 {[%clk 0:57:22]} 0-1

[Event "Greek Team Championship"]
[Site "chess24.com"]
[Date "2017.07.03"]
[Round "1"]
[White "Anagnostopoulos, Konstantinos"]
[Black "Anestis, Ioannis"]
[Result "1-0"]
[Board "3"]
[WhiteElo "2200"]
[WhiteCountry "GRE"]
[WhiteFideId "4251067"]
[WhiteEloChange "2"]
[BlackElo "1651"]
[BlackCountry "GRE"]
[BlackFideId "4256140"]
[BlackEloChange "-2"]

1. d4 {[%clk 1:30:55]} d5 {[%clk 1:30:52]} 2. Nf3 {[%clk 1:31:10]} Nf6 {[%clk
1:30:49]} 3. Bf4 {[%clk 1:31:36]} Bg4 {[%clk 1:30:03]} 4. Ne5 {[%clk 1:29:25]}
Bc8 {[%clk 1:29:31]} 5. e3 {[%clk 1:29:17]} Nbd7 {[%clk 1:28:01]} 6. c4 {[%clk
1:28:43]} c6 {[%clk 1:27:31]} 7. Nc3 {[%clk 1:29:00]} e6 {[%clk 1:27:44]} 8. Bd3
{[%clk 1:26:56]} Bb4 {[%clk 1:27:14]} 9. O-O {[%clk 1:25:16]} Bxc3 {[%clk
1:24:40]} 10. bxc3 {[%clk 1:25:41]} dxc4 {[%clk 1:21:34]} 11. Nxc4 {[%clk
1:25:54]} O-O {[%clk 1:21:47]} 12. Bd6 {[%clk 1:24:01]} Re8 {[%clk 1:21:47]} 13.
Ba3 {[%clk 1:24:27]} c5 {[%clk 1:19:55]} 14. dxc5 {[%clk 1:24:41]} Qc7 {[%clk
1:19:17]} 15. Nd6 {[%clk 1:23:11]} Rd8 {[%clk 1:19:06]} 16. Nb5 {[%clk 1:23:38]}
Qc6 {[%clk 1:17:52]} 17. Nd4 {[%clk 1:23:22]} Qc7 {[%clk 1:17:10]} 18. Nb5 {[%clk
1:20:11]} Qc6 {[%clk 1:16:36]} 19. Rb1 {[%clk 1:20:26]} a6 {[%clk 1:14:43]} 20.
Nd4 {[%clk 1:18:14]} Qc7 {[%clk 1:14:12]} 21. Nf3 {[%clk 1:02:38]} Kh8 {[%clk
1:12:32]} 22. c6 {[%clk 0:56:36]} Qxc6 {[%clk 1:10:15]} 23. Bc2 {[%clk 0:56:07]}
b5 {[%clk 1:06:17]} 24. Ne5 {[%clk 0:55:55]} Qd5 {[%clk 1:02:46]} 25. Nxf7+
{[%clk 0:55:30]} Kg8 {[%clk 0:58:48]} 26. Nxd8 {[%clk 0:55:19]} Qxa2 {[%clk
0:58:23]} 27. Ra1 {[%clk 0:54:26]} Qc4 {[%clk 0:58:13]} 28. Bb3 {[%clk 0:54:46]}
Qc7 {[%clk 0:58:33]} 29. Bxe6+ {[%clk 0:55:05]} Kh8 {[%clk 0:58:41]} 30. Nf7+
{[%clk 0:55:29]} Kg8 {[%clk 0:58:52]} 31. Qf3 {[%clk 0:52:38]} Nb6 {[%clk
0:57:09]} 32. Bd6 {[%clk 0:52:35]} Qd8 {[%clk 0:56:22]} 33. Nxd8+ {[%clk
0:52:54]} 1-0

[Event "Greek Team Championship"]
[Site "chess24.com"]
[Date "2017.07.03"]
[Round "1"]
[White "Vasileiou, Ioannis"]
[Black "Panagiotakos, Nikolaos"]
[Result "0-1"]
[Board "4"]
[WhiteElo "1639"]
[WhiteCountry "GRE"]
[WhiteFideId "4256344"]
[WhiteEloChange "-2"]
[BlackElo "2115"]
[BlackCountry "GRE"]
[BlackFideId "4213246"]
[BlackEloChange "2"]

1. d4 {[%clk 1:31:07]} Nf6 {[%clk 1:30:58]} 2. c4 {[%clk 1:31:19]} e6 {[%clk
1:31:23]} 3. Nc3 {[%clk 1:31:38]} Bb4 {[%clk 1:31:49]} 4. Nf3 {[%clk 1:31:47]} b6
{[%clk 1:31:24]} 5. g3 {[%clk 1:28:40]} Bb7 {[%clk 1:30:32]} 6. Bg2 {[%clk
1:28:46]} O-O {[%clk 1:28:11]} 7. O-O {[%clk 1:28:49]} Bxc3 {[%clk 1:25:59]} 8.
bxc3 {[%clk 1:28:47]} d6 {[%clk 1:25:53]} 9. Ba3 {[%clk 1:23:26]} Nbd7 {[%clk
1:24:42]} 10. Rb1 {[%clk 1:20:17]} c5 {[%clk 1:22:35]} 11. Nh4 {[%clk 1:20:03]}
Bxg2 {[%clk 1:22:01]} 12. Nxg2 {[%clk 1:19:16]} Qc7 {[%clk 1:21:53]} 13. d5
{[%clk 1:15:18]} Rfe8 {[%clk 1:14:53]} 14. f3 {[%clk 1:13:19]} Ne5 {[%clk
1:12:43]} 15. Ne3 {[%clk 1:10:37]} Qe7 {[%clk 1:11:43]} 16. Bc1 {[%clk 1:08:49]}
Ng6 {[%clk 1:04:38]} 17. Qa4 {[%clk 1:00:38]} exd5 {[%clk 0:59:12]} 18. cxd5
{[%clk 1:00:21]} Qe5 {[%clk 0:58:40]} 19. c4 {[%clk 0:58:17]} h5 {[%clk 0:57:37]}
20. Rb3 {[%clk 0:56:36]} h4 {[%clk 0:53:52]} 21. Bb2 {[%clk 0:56:20]} Qg5 {[%clk
0:53:21]} 22. f4 {[%clk 0:55:53]} Qh5 {[%clk 0:53:38]} 23. Bxf6 {[%clk 0:55:22]}
hxg3 {[%clk 0:53:55]} 24. hxg3 {[%clk 0:54:36]} gxf6 {[%clk 0:53:50]} 25. g4
{[%clk 0:54:01]} Qh4 {[%clk 0:51:53]} 26. Kg2 {[%clk 0:52:59]} Re4 {[%clk
0:50:17]} 27. Kf3 {[%clk 0:48:43]} Rxf4+ {[%clk 0:49:26]} 28. Kg2 {[%clk
0:48:55]} Re4 {[%clk 0:38:03]} 29. Kf3 {[%clk 0:47:21]} Rae8 {[%clk 0:38:05]} 30.
Qxe8+ {[%clk 0:43:30]} Rxe8 {[%clk 0:38:29]} 31. Nf5 {[%clk 0:43:32]} Qh3+ {[%clk
0:37:53]} 32. Ng3 {[%clk 0:42:52]} Ne5+ {[%clk 0:37:43]} 33. Kf2 {[%clk 0:42:03]}
Nxg4+ {[%clk 0:37:52]} 34. Ke1 {[%clk 0:41:38]} Ne3 {[%clk 0:37:53]} 35. Rf3
{[%clk 0:39:44]} Nc2+ {[%clk 0:37:46]} 36. Kd2 {[%clk 0:39:10]} Nd4 {[%clk
0:38:08]} 37. Ne4 {[%clk 0:35:52]} Nxf3+ {[%clk 0:38:27]} 38. exf3 {[%clk
0:35:01]} Qg2+ {[%clk 0:38:33]} 39. Kc1 {[%clk 0:34:30]} Kg7 {[%clk 0:38:29]} 40.
Re3 {[%clk 1:02:42]} f5 {[%clk 1:08:22]} 41. Nxd6 {[%clk 1:02:11]} Qg1+ {[%clk
1:08:44]} 42. Kc2 {[%clk 1:02:20]} Rxe3 {[%clk 1:09:00]} 0-1

[Event "Greek Team Championship"]
[Site "chess24.com"]
[Date "2017.07.03"]
[Round "1"]
[White "Goczo, Melinda"]
[Black "Juhasz, Barbara"]
[Result "1/2-1/2"]
[Board "5"]
[WhiteElo "2189"]
[WhiteTitle "WIM"]
[WhiteCountry "HUN"]
[WhiteFideId "711985"]
[WhiteEloChange "1"]
[BlackElo "2214"]
[BlackTitle "WFM"]
[BlackCountry "HUN"]
[BlackFideId "743585"]
[BlackEloChange "-1"]

1. d4 {[%clk 1:30:56]} Nf6 {[%clk 1:30:40]} 2. c4 {[%clk 1:31:16]} g6 {[%clk
1:30:53]} 3. Nf3 {[%clk 1:31:30]} Bg7 {[%clk 1:31:15]} 4. g3 {[%clk 1:31:54]} O-O
{[%clk 1:31:37]} 5. Bg2 {[%clk 1:32:20]} d6 {[%clk 1:31:58]} 6. O-O {[%clk
1:32:33]} Nbd7 {[%clk 1:32:09]} 7. Nc3 {[%clk 1:32:26]} e5 {[%clk 1:32:18]} 8.
Qc2 {[%clk 1:32:35]} exd4 {[%clk 1:32:33]} 9. Nxd4 {[%clk 1:32:59]} a5 {[%clk
1:32:27]} 10. Rd1 {[%clk 1:32:10]} Re8 {[%clk 1:32:31]} 11. e4 {[%clk 1:28:34]}
Nc5 {[%clk 1:29:41]} 12. f3 {[%clk 1:16:47]} Nfd7 {[%clk 1:28:17]} 13. Rb1 {[%clk
1:01:51]} Ne5 {[%clk 1:16:03]} 14. b3 {[%clk 1:00:49]} Bd7 {[%clk 1:15:35]} 15.
Nce2 {[%clk 0:27:39]} Rb8 {[%clk 0:51:49]} 16. Bd2 {[%clk 0:24:17]} b6 {[%clk
0:44:15]} 17. Be3 {[%clk 0:22:20]} Qc8 {[%clk 0:33:15]} 18. Bf2 {[%clk 0:20:06]}
Ne6 {[%clk 0:30:35]} 19. Nxe6 {[%clk 0:16:20]} Bxe6 {[%clk 0:30:58]} 20. Nd4
{[%clk 0:16:26]} Bh3 {[%clk 0:30:35]} 21. Bh1 {[%clk 0:16:05]} Bd7 {[%clk
0:30:55]} 22. Bg2 {[%clk 0:15:35]} Bh3 {[%clk 0:29:36]} 23. Bh1 {[%clk 0:15:55]}
Bd7 {[%clk 0:28:03]} 24. Bg2 {[%clk 0:16:05]} Bh3 {[%clk 0:20:54]} 1/2-1/2

[Event "Greek Team Championship"]
[Site "chess24.com"]
[Date "2017.07.03"]
[Round "1"]
[White "Bellou, Nazareta"]
[Black "Serpetsidaki, Eva"]
[Result "1-0"]
[Board "6"]
[WhiteElo "1165"]
[WhiteCountry "GRE"]
[WhiteFideId "25832522"]
[WhiteEloChange "18"]
[BlackElo "1623"]
[BlackCountry "GRE"]
[BlackFideId "4248902"]
[BlackEloChange "-18"]

1. e4 {[%clk 1:30:57]} c5 {[%clk 1:30:55]} 2. Nf3 {[%clk 1:31:22]} g6 {[%clk
1:31:16]} 3. d4 {[%clk 1:31:30]} cxd4 {[%clk 1:31:41]} 4. Nxd4 {[%clk 1:31:55]}
Nc6 {[%clk 1:32:06]} 5. Be3 {[%clk 1:31:56]} Bg7 {[%clk 1:32:30]} 6. Nc3 {[%clk
1:32:15]} Nf6 {[%clk 1:32:35]} 7. Be2 {[%clk 1:30:32]} O-O {[%clk 1:32:16]} 8.
O-O {[%clk 1:30:45]} d5 {[%clk 1:19:32]} 9. Nxc6 {[%clk 1:15:29]} bxc6 {[%clk
1:19:27]} 10. e5 {[%clk 0:49:28]} Ne4 {[%clk 0:51:43]} 11. Nxe4 {[%clk 0:41:54]}
dxe4 {[%clk 0:52:06]} 12. Bd4 {[%clk 0:35:45]} Qc7 {[%clk 0:45:05]} 13. f4 {[%clk
0:31:03]} Rd8 {[%clk 0:42:00]} 14. b4 {[%clk 0:22:26]} Be6 {[%clk 0:30:36]} 15.
c3 {[%clk 0:15:37]} f6 {[%clk 0:29:28]} 16. Qc2 {[%clk 0:14:01]} fxe5 {[%clk
0:25:44]} 17. fxe5 {[%clk 0:14:14]} Bxe5 {[%clk 0:22:16]} 18. Qxe4 {[%clk
0:12:21]} Bxh2+ {[%clk 0:12:15]} 19. Kh1 {[%clk 0:12:45]} Bd5 {[%clk 0:12:19]}
20. Bg4 {[%clk 0:07:20]} e5 {[%clk 0:09:42]} 21. Qe2 {[%clk 0:03:11]} exd4 {[%clk
0:08:02]} 22. Be6+ {[%clk 0:03:05]} Bxe6 {[%clk 0:03:16]} 23. Qxe6+ {[%clk
0:03:27]} Kh8 {[%clk 0:00:59]} 24. Rf7 {[%clk 0:03:41]} Qe5 {[%clk 0:01:20]} 25.
Qxc6 {[%clk 0:02:02]} Rf8 {[%clk 0:00:42]} 26. Raf1 {[%clk 0:01:38]} Rxf7 {[%clk
0:00:43]} 27. Qxa8+ {[%clk 0:01:51]} Kg7 {[%clk 0:01:01]} 28. Rxf7+ {[%clk
0:01:45]} Kxf7 {[%clk 0:01:25]} 29. Qxa7+ {[%clk 0:02:02]} Kg8 {[%clk 0:01:09]}
30. Qxd4 {[%clk 0:01:30]} 1-0

[Event "Greek Team Championship"]
[Site "chess24.com"]
[Date "2017.07.03"]
[Round "1"]
[White "Vitsaxaki, Iris"]
[Black "Makrigianni, Eleni Iokasti"]
[Result "1-0"]
[Board "7"]
[WhiteElo "1419"]
[WhiteCountry "GRE"]
[WhiteFideId "4249070"]
[WhiteEloChange "2"]
[BlackElo "1047"]
[BlackCountry "GRE"]
[BlackFideId "25832565"]
[BlackEloChange "-2"]

1. d4 {[%clk 1:30:54]} Nf6 {[%clk 1:30:51]} 2. Nf3 {[%clk 1:31:14]} e6 {[%clk
1:31:02]} 3. e3 {[%clk 1:31:27]} b6 {[%clk 1:30:52]} 4. Bd3 {[%clk 1:31:33]} Bb7
{[%clk 1:30:30]} 5. Nbd2 {[%clk 1:31:00]} Be7 {[%clk 1:28:04]} 6. b3 {[%clk
1:30:38]} O-O {[%clk 1:26:44]} 7. Bb2 {[%clk 1:30:56]} d6 {[%clk 1:23:40]} 8. O-O
{[%clk 1:27:48]} c5 {[%clk 1:20:10]} 9. c4 {[%clk 1:24:46]} Nc6 {[%clk 1:17:35]}
10. a3 {[%clk 1:24:36]} Qd7 {[%clk 1:13:40]} 11. Qc2 {[%clk 1:20:46]} Rac8 {[%clk
1:09:59]} 12. Ne4 {[%clk 1:18:46]} h6 {[%clk 1:03:58]} 13. d5 {[%clk 1:03:36]}
exd5 {[%clk 0:58:41]} 14. Nxf6+ {[%clk 1:03:36]} Bxf6 {[%clk 0:57:18]} 15. Bxf6
{[%clk 1:01:36]} gxf6 {[%clk 0:55:28]} 16. Bf5 {[%clk 1:01:55]} Qd8 {[%clk
0:49:18]} 17. Bxc8 {[%clk 1:01:47]} Qxc8 {[%clk 0:49:31]} 18. cxd5 {[%clk
1:01:36]} Ne7 {[%clk 0:49:03]} 19. e4 {[%clk 0:46:17]} Re8 {[%clk 0:46:50]} 20.
Qd2 {[%clk 0:41:02]} Kg7 {[%clk 0:44:35]} 21. Qf4 {[%clk 0:38:04]} Qd7 {[%clk
0:41:13]} 22. Nd2 {[%clk 0:35:20]} Ng6 {[%clk 0:39:21]} 23. Qg3 {[%clk 0:33:54]}
b5 {[%clk 0:30:02]} 24. Rfe1 {[%clk 0:28:04]} a6 {[%clk 0:27:06]} 25. a4 {[%clk
0:26:55]} Rc8 {[%clk 0:20:58]} 26. Rec1 {[%clk 0:24:35]} Kh7 {[%clk 0:17:46]} 27.
Rc3 {[%clk 0:18:36]} Rg8 {[%clk 0:16:45]} 28. Kf1 {[%clk 0:09:09]} Ne5 {[%clk
0:15:23]} 29. Qf4 {[%clk 0:08:12]} Rg6 {[%clk 0:14:19]} 30. Rg3 {[%clk 0:06:49]}
Qe7 {[%clk 0:13:23]} 31. Rxg6 {[%clk 0:05:37]} fxg6 {[%clk 0:13:25]} 32. Qg3
{[%clk 0:05:03]} Kg7 {[%clk 0:12:11]} 33. f4 {[%clk 0:03:52]} Nd7 {[%clk
0:10:59]} 34. axb5 {[%clk 0:04:04]} axb5 {[%clk 0:10:29]} 35. Qd3 {[%clk
0:02:46]} b4 {[%clk 0:09:10]} 36. Nc4 {[%clk 0:03:01]} Nb8 {[%clk 0:06:24]} 37.
Ra7 {[%clk 0:02:42]} Qc7 {[%clk 0:01:16]} 38. Na5 {[%clk 0:02:33]} 1-0

[Event "Greek Team Championship"]
[Site "chess24.com"]
[Date "2017.07.03"]
[Round "1"]
[White "Loukopoulos, Panagiotis-Athanasi"]
[Black "Kadianis, Georgios"]
[Result "1-0"]
[Board "8"]
[WhiteElo "1902"]
[WhiteCountry "GRE"]
[WhiteFideId "4293835"]
[WhiteEloChange "12"]
[BlackElo "1980"]
[BlackCountry "GRE"]
[BlackFideId "4264681"]
[BlackEloChange "-12"]

1. e4 {[%clk 1:30:54]} e5 {[%clk 1:30:55]} 2. Nf3 {[%clk 1:31:20]} Nc6 {[%clk
1:31:19]} 3. Nc3 {[%clk 1:31:33]} Nf6 {[%clk 1:31:43]} 4. Bb5 {[%clk 1:31:57]}
Bb4 {[%clk 1:31:22]} 5. O-O {[%clk 1:32:02]} O-O {[%clk 1:31:20]} 6. d3 {[%clk
1:32:23]} d6 {[%clk 1:27:42]} 7. Ne2 {[%clk 1:29:48]} Bg4 {[%clk 1:24:52]} 8. c3
{[%clk 1:20:20]} Bxf3 {[%clk 1:21:49]} 9. gxf3 {[%clk 1:20:43]} Ba5 {[%clk
1:21:53]} 10. Ng3 {[%clk 1:17:02]} Ne7 {[%clk 1:17:03]} 11. f4 {[%clk 1:13:23]}
exf4 {[%clk 1:15:35]} 12. Bxf4 {[%clk 1:12:55]} Ng6 {[%clk 1:13:59]} 13. Bg5
{[%clk 1:06:11]} h6 {[%clk 1:09:06]} 14. Be3 {[%clk 1:00:32]} c6 {[%clk 1:07:47]}
15. Ba4 {[%clk 0:54:50]} d5 {[%clk 1:05:42]} 16. f3 {[%clk 0:36:36]} Bc7 {[%clk
0:57:01]} 17. Bc2 {[%clk 0:34:25]} Re8 {[%clk 0:49:41]} 18. d4 {[%clk 0:20:35]}
Bxg3 {[%clk 0:37:57]} 19. hxg3 {[%clk 0:21:00]} dxe4 {[%clk 0:35:43]} 20. fxe4
{[%clk 0:21:24]} Nxe4 {[%clk 0:33:48]} 21. Qf3 {[%clk 0:21:41]} Nd6 {[%clk
0:28:40]} 22. Bb3 {[%clk 0:20:10]} Kh7 {[%clk 0:17:52]} 23. Rae1 {[%clk 0:12:54]}
Qc7 {[%clk 0:14:40]} 24. Kg2 {[%clk 0:08:18]} Re7 {[%clk 0:13:24]} 25. c4 {[%clk
0:04:37]} Rae8 {[%clk 0:13:31]} 26. c5 {[%clk 0:01:21]} Nf5 {[%clk 0:13:06]} 27.
Qxf5 {[%clk 0:01:15]} Rxe3 {[%clk 0:13:30]} 28. Rxe3 {[%clk 0:01:31]} Rxe3 {[%clk
0:13:55]} 29. Rf3 {[%clk 0:00:55]} Rxf3 {[%clk 0:02:36]} 30. Kxf3 {[%clk
0:01:21]} Kh8 {[%clk 0:02:31]} 31. Qxf7 {[%clk 0:00:50]} Qxf7+ {[%clk 0:02:45]}
32. Bxf7 {[%clk 0:01:17]} Ne7 {[%clk 0:02:31]} 33. Ke4 {[%clk 0:01:39]} g6 {[%clk
0:01:59]} 34. Be6 {[%clk 0:00:53]} Kg7 {[%clk 0:02:02]} 35. Ke5 {[%clk 0:01:08]}
h5 {[%clk 0:01:39]} 36. b4 {[%clk 0:01:11]} g5 {[%clk 0:00:38]} 37. b5 {[%clk
0:00:36]} 1-0

[Event "Greek Team Championship"]
[Site "chess24.com"]
[Date "2017.07.03"]
[Round "1"]
[White "Serpetsidakis, Nikolaos"]
[Black "Tsotras, Ioannis"]
[Result "1-0"]
[Board "9"]
[WhiteElo "2013"]
[WhiteCountry "GRE"]
[WhiteFideId "4260678"]
[WhiteEloChange "2"]
[BlackElo "1477"]
[BlackCountry "GRE"]
[BlackFideId "4269594"]
[BlackEloChange "-2"]

1. d4 {[%clk 1:30:58]} d5 {[%clk 1:30:51]} 2. Nf3 {[%clk 1:29:04]} Nf6 {[%clk
1:31:15]} 3. e3 {[%clk 1:29:22]} a6 {[%clk 1:30:01]} 4. Bd3 {[%clk 1:29:39]} Nbd7
{[%clk 1:29:47]} 5. O-O {[%clk 1:29:45]} e6 {[%clk 1:30:04]} 6. Nbd2 {[%clk
1:29:53]} c5 {[%clk 1:30:04]} 7. b3 {[%clk 1:29:44]} Bd6 {[%clk 1:27:42]} 8. Bb2
{[%clk 1:29:30]} O-O {[%clk 1:27:31]} 9. a4 {[%clk 1:27:40]} Re8 {[%clk 1:19:59]}
10. Ne5 {[%clk 1:27:30]} b6 {[%clk 1:14:48]} 11. f4 {[%clk 1:27:26]} Nf8 {[%clk
1:06:55]} 12. Qf3 {[%clk 1:27:05]} Qc7 {[%clk 1:06:09]} 13. g4 {[%clk 1:25:22]}
Bb7 {[%clk 1:06:25]} 14. g5 {[%clk 1:24:41]} N6d7 {[%clk 1:06:12]} 15. Qh5 {[%clk
1:21:01]} Ng6 {[%clk 0:49:33]} 16. Nxf7 {[%clk 0:47:40]} Kxf7 {[%clk 0:30:24]}
17. Qxh7 {[%clk 0:46:51]} Ndf8 {[%clk 0:28:56]} 18. Bxg6+ {[%clk 0:46:57]} Nxg6
{[%clk 0:14:16]} 19. dxc5 {[%clk 0:47:18]} Bf8 {[%clk 0:11:26]} 20. f5 {[%clk
0:46:01]} exf5 {[%clk 0:05:26]} 21. Rxf5+ {[%clk 0:46:22]} Ke7 {[%clk 0:05:43]}
22. Qxg6 {[%clk 0:46:40]} Qxc5 {[%clk 0:04:34]} 23. Ba3 {[%clk 0:46:44]} 1-0

[Event "Greek Team Championship"]
[Site "chess24.com"]
[Date "2017.07.03"]
[Round "1"]
[White "Makrygiannis, Ion Periandros"]
[Black "Papidakis, Georgios"]
[Result "0-1"]
[Board "10"]
[WhiteElo "1086"]
[WhiteCountry "GRE"]
[WhiteFideId "25853384"]
[WhiteEloChange "-2"]
[BlackElo "1635"]
[BlackCountry "GRE"]
[BlackFideId "4295099"]
[BlackEloChange "2"]

1. c4 {[%clk 1:30:57]} Nf6 {[%clk 1:30:51]} 2. Nc3 {[%clk 1:31:18]} e6 {[%clk
1:31:00]} 3. Nf3 {[%clk 1:31:39]} d5 {[%clk 1:31:24]} 4. cxd5 {[%clk 1:31:39]}
exd5 {[%clk 1:31:52]} 5. d4 {[%clk 1:32:11]} c6 {[%clk 1:32:05]} 6. g3 {[%clk
1:32:29]} Bd6 {[%clk 1:31:15]} 7. Bg2 {[%clk 1:32:45]} O-O {[%clk 1:31:08]} 8.
O-O {[%clk 1:33:07]} Re8 {[%clk 1:30:36]} 9. Re1 {[%clk 1:32:45]} Bg4 {[%clk
1:29:02]} 10. Bg5 {[%clk 1:31:04]} Be7 {[%clk 1:15:54]} 11. Qb3 {[%clk 1:25:06]}
Qb6 {[%clk 1:11:17]} 12. Ne5 {[%clk 1:02:15]} Be6 {[%clk 1:07:10]} 13. Na4 {[%clk
1:00:15]} Qxb3 {[%clk 0:29:13]} 14. axb3 {[%clk 1:00:36]} Na6 {[%clk 0:28:41]}
15. Nc3 {[%clk 0:56:13]} Rec8 {[%clk 0:25:14]} 16. Rec1 {[%clk 0:47:27]} h6
{[%clk 0:23:27]} 17. Be3 {[%clk 0:42:21]} Ng4 {[%clk 0:13:00]} 18. Nxg4 {[%clk
0:39:37]} Bxg4 {[%clk 0:13:24]} 19. Ra5 {[%clk 0:34:30]} Bb4 {[%clk 0:12:56]} 20.
Raa1 {[%clk 0:34:12]} Bxc3 {[%clk 0:13:00]} 21. Rxc3 {[%clk 0:33:41]} Bxe2 {[%clk
0:13:01]} 22. Rc2 {[%clk 0:32:36]} Bd3 {[%clk 0:11:19]} 23. Rd2 {[%clk 0:31:08]}
Bf5 {[%clk 0:11:22]} 24. Bf1 {[%clk 0:29:48]} Nc7 {[%clk 0:11:21]} 25. Rdd1
{[%clk 0:27:03]} Bc2 {[%clk 0:10:19]} 26. Rdc1 {[%clk 0:26:25]} Bxb3 {[%clk
0:10:32]} 27. Ra3 {[%clk 0:26:39]} Bc4 {[%clk 0:10:57]} 28. Bxc4 {[%clk 0:27:00]}
dxc4 {[%clk 0:11:24]} 29. Rxc4 {[%clk 0:27:19]} Nd5 {[%clk 0:11:41]} 30. Bd2
{[%clk 0:26:54]} Rd8 {[%clk 0:05:00]} 31. Rb3 {[%clk 0:26:03]} Rd7 {[%clk
0:05:13]} 32. Rc1 {[%clk 0:20:34]} Re8 {[%clk 0:03:49]} 33. Ra1 {[%clk 0:19:07]}
a6 {[%clk 0:03:52]} 34. Ra2 {[%clk 0:16:56]} Re4 {[%clk 0:02:17]} 35. Rd3 {[%clk
0:16:20]} Nc7 {[%clk 0:02:15]} 36. Bc3 {[%clk 0:15:32]} Nb5 {[%clk 0:02:06]} 37.
Ra4 {[%clk 0:15:33]} Rd5 {[%clk 0:01:55]} 38. Kg2 {[%clk 0:15:06]} Re7 {[%clk
0:01:39]} 39. Kf3 {[%clk 0:14:20]} Red7 {[%clk 0:01:47]} 40. Ke3 {[%clk 0:44:25]}
Kf8 {[%clk 0:31:58]} 41. Ke4 {[%clk 0:44:30]} c5 {[%clk 0:26:38]} 42. Rc4 {[%clk
0:43:52]} cxd4 {[%clk 0:25:28]} 43. Bxd4 {[%clk 0:43:41]} Rxd4+ {[%clk 0:25:02]}
44. Rcxd4 {[%clk 0:43:52]} Rxd4+ {[%clk 0:25:26]} 45. Rxd4 {[%clk 0:44:16]} Nxd4
{[%clk 0:25:53]} 46. Kxd4 {[%clk 0:44:40]} Ke7 {[%clk 0:26:20]} 47. Kc5 {[%clk
0:44:52]} Kd7 {[%clk 0:26:42]} 48. Kb6 {[%clk 0:45:01]} Kc8 {[%clk 0:27:12]} 49.
h4 {[%clk 0:41:09]} Kb8 {[%clk 0:05:11]} 50. f4 {[%clk 0:40:51]} h5 {[%clk
0:04:33]} 51. b3 {[%clk 0:39:45]} Kc8 {[%clk 0:04:41]} 52. b4 {[%clk 0:40:00]}
Kb8 {[%clk 0:05:07]} 53. b5 {[%clk 0:39:54]} axb5 {[%clk 0:05:32]} 54. Kxb5
{[%clk 0:40:19]} Kc7 {[%clk 0:05:56]} 55. Kc5 {[%clk 0:40:12]} b6+ {[%clk
0:06:15]} 56. Kb5 {[%clk 0:39:56]} Kb7 {[%clk 0:06:38]} 57. f5 {[%clk 0:40:17]}
f6 {[%clk 0:06:55]} 58. Kb4 {[%clk 0:40:18]} Kc6 {[%clk 0:07:23]} 59. Kc4 {[%clk
0:39:14]} b5+ {[%clk 0:07:49]} 60. Kb4 {[%clk 0:39:28]} Kb6 {[%clk 0:08:12]} 0-1

[Event "Greek Team Championship"]
[Site "chess24.com"]
[Date "2017.07.03"]
[Round "1"]
[White "Patrikos, Ioannis"]
[Black "Baldauf, Marco"]
[Result "0-1"]
[Board "1"]
[WhiteElo "2094"]
[WhiteCountry "GRE"]
[WhiteFideId "4203062"]
[WhiteEloChange "-2"]
[BlackElo "2459"]
[BlackTitle "IM"]
[BlackCountry "GER"]
[BlackFideId "4688210"]
[BlackEloChange "1"]

1. d4 {[%clk 1:30:49]} Nf6 {[%clk 1:30:54]} 2. Nf3 {[%clk 1:30:46]} d5 {[%clk
1:29:30]} 3. e3 {[%clk 1:29:03]} c5 {[%clk 1:27:15]} 4. dxc5 {[%clk 1:21:21]} e6
{[%clk 1:22:25]} 5. a3 {[%clk 1:15:55]} Bxc5 {[%clk 1:22:47]} 6. c4 {[%clk
1:11:43]} O-O {[%clk 1:23:09]} 7. Nc3 {[%clk 1:07:03]} Nc6 {[%clk 1:20:01]} 8. b4
{[%clk 0:58:00]} Bb6 {[%clk 1:18:49]} 9. c5 {[%clk 0:50:49]} Bc7 {[%clk 1:19:15]}
10. Bb2 {[%clk 0:46:51]} e5 {[%clk 1:16:41]} 11. Nb5 {[%clk 0:39:17]} Bb8 {[%clk
1:17:01]} 12. Nd6 {[%clk 0:29:15]} Bxd6 {[%clk 1:12:15]} 13. cxd6 {[%clk
0:29:38]} Qxd6 {[%clk 1:09:16]} 14. b5 {[%clk 0:25:19]} e4 {[%clk 1:09:33]} 15.
bxc6 {[%clk 0:18:17]} exf3 {[%clk 1:09:59]} 16. cxb7 {[%clk 0:15:41]} fxg2 {[%clk
1:08:49]} 17. Bxg2 {[%clk 0:14:00]} Bxb7 {[%clk 1:09:13]} 18. Qd4 {[%clk
0:12:47]} Rac8 {[%clk 1:04:49]} 19. Bf1 {[%clk 0:11:13]} Rc6 {[%clk 0:36:53]} 20.
Rd1 {[%clk 0:04:42]} Rb6 {[%clk 0:31:22]} 21. Bd3 {[%clk 0:03:59]} Rb8 {[%clk
0:24:51]} 22. Rd2 {[%clk 0:04:11]} Bc8 {[%clk 0:21:24]} 23. f4 {[%clk 0:04:00]}
Qe7 {[%clk 0:19:30]} 24. Rg1 {[%clk 0:03:27]} Rxb2 {[%clk 0:19:05]} 25. Rxb2
{[%clk 0:00:44]} Rxb2 {[%clk 0:19:05]} 0-1